Évènement historique par département - Statistiques

Statistiques générales
  • Ce quiz a été pris 24 fois
  • Le résultat moyen est 14 sur 21
Statistiques - réponses
Hint Réponse % Correct
De Gaulle et Churchill défilent sur les Champs-Élysées (1944) Paris
100%
Débarquement Allié à Omaha Beach (1944) Calvados
89%
Découverte de la grotte de Lascaux (1940) Dordogne
89%
Construction du plus haut aqueduc du monde romain (Ier siècle) Gard
89%
Charles Martel défait les Arabes (732) Vienne
89%
Naissance de Napoléon (1769) Corse-du-Sud
83%
Bataille la plus meurtrière de l'histoire de France (1916) Meuse
83%
Henri IV promulgue un édit de tolérance à l'égard des protestants (1598) Loire-Atlantique
78%
Révolte des canuts (1831) Rhône
72%
Le colonel Denfert-Rochereau résiste au siège prussien durant plus de 100 jours (1870) Territoire de Belfort
67%
Louis XVI convoque les États généraux (1789) Yvelines
67%
Début de la construction du château de Chambord (1519) Loir-et-Cher
61%
Jeanne d'Arc est condamnée au bûcher (1431) Seine-Maritime
61%
Napoléon débarque en France après son exil sur l'île d'Elbe - début des Cent-Jours (1815) Alpes-Maritimes
56%
Vercingétorix se rend à l'issue du siège d'Alésia (52 av. J.-C.) Côte-d'Or
56%
François Ier fait du français la langue officielle du royaume à Villers-Cotterêts (1539) Aisne
50%
Naissance de Joséphine de Beauharnais (1763) Martinique
50%
Vercingétorix défait César lors du siège de Gergovie (52 av. J.-C.) Puy-de-Dôme
50%
Jeanne d'Arc rencontre Charles VII et le convainc de lui confier les armées du royaume (1429) Indre-et-Loire
33%
François Ier et Henri VIII se rencontrent au camp du Drap d'Or (1520) Pas-de-Calais
33%
Assassinat de François de Guise durant la première guerre de Religion (1563) Loiret
22%
Aucun quiz correspondant
Distribution des résultats
% des personnes avec chaque résultat
Percentile par nombre de réponses
Votre historique - résultats
Vous n’avez pas pris ce quiz